[Event "Nuremberg LGA Cup 9th"]
[Site "Nuremberg"]
[Date "2012.09.09"]
[Round "7"]
[White "Martin, Stefan"]
[Black "Holzhaeuer, Mathias"]
[Result "1/2-1/2"]
[WhiteElo "2166"]
[BlackElo "2274"]
[PlyCount "153"]
[EventDate "2012.09.06"]
[EventType "swiss"]
[EventRounds "7"]
[EventCountry "GER"]
[SourceTitle "CBM 150 Extra"]
[Source "ChessBase"]
[SourceDate "2012.10.19"]
[SourceVersion "1"]
[SourceVersionDate "2012.10.19"]
[SourceQuality "1"]

1. d4 Nf6 2. c4 Nc6 3. Nf3 e6 4. g3 d5 5. Bg2 dxc4 6. Qa4 Bb4+ 7. Bd2 Nd5 8. Bxb4 Ndxb4 9. 0-0 Rb8 10. a3 b5 11. Qd1 Nd5 12. e4 Nf6 13. Nc3 0-0 14. e5 Nd7 15. h4 Ne7 16. Ne4 Bb7 17. Nfg5 h6 18. Nh3 c5 19. Nxc5 Bxg2 20. Kxg2 Nxc5 21. dxc5 Qd5+ 22. Qxd5 Nxd5 23. b4 cxb3 24. Rab1 Nc3 25. Rxb3 Ne4 26. Rc1 Nd2 27. Rd3 Nc4 28. Rd7 a6 29. Rcd1 Nxa3 30. Ra7 b4 31. Rxa6 Nc4 32. c6 Rfc8 33. Rd7 Nxe5 34. Rb7 Nc4 35. Raa7 Nd6 36. Rxb8 Rxb8 37. Rd7 Nc8 38. Rb7 Ra8 39. c7 Ra7 40. Rxb4 Rxc7 41. Rb8 Kf8 42. Nf4 Ke7 43. Nh5 g6 44. Nf4 Kf6 45. Nd3 Nd6 46. Rd8 Nf5 47. Nf4 Ne7 48. Ra8 Rd7 49. Ne2 Nd5 50. Ra5 Rb7 51. Ra2 Rb4 52. Rd2 g5 53. hxg5+ hxg5 54. f3 g4 55. fxg4 Rxg4 56. Rd3 Ke5 57. Kf3 f5 58. Ra3 Rb4 59. Rd3 Nb6 60. Re3+ Re4 61. Nc1 Rxe3+ 62. Kxe3 Nd5+ 63. Kf3 Kd4 64. Ne2+ Kd3 65. Nc1+ Kd2 66. Nb3+ Kc3 67. Nc5 e5 68. Ke2 e4 69. g4 Kc4 70. Nd7 f4 71. g5 Ne7 72. Nf8 f3+ 73. Ke3 Nf5+ 74. Kf2 Kd3 75. Ne6 Nh4 76. Nf4+ Kd4 77. Ne6+ 1/2-1/2

[Event "Nuremberg LGA Cup 9th"]
[Site "Nuremberg"]
[Date "2012.09.08"]
[Round "5"]
[White "Holzhaeuer, Mathias"]
[Black "Mainka, Romuald"]
[Result "1/2-1/2"]
[WhiteElo "2274"]
[BlackElo "2457"]
[PlyCount "122"]
[EventDate "2012.09.06"]
[EventType "swiss"]
[EventRounds "7"]
[EventCountry "GER"]
[SourceTitle "CBM 150 Extra"]
[Source "ChessBase"]
[SourceDate "2012.10.19"]
[SourceVersion "1"]
[SourceVersionDate "2012.10.19"]
[SourceQuality "1"]

1. e4 c5 2. Nc3 d6 3. f4 g6 4. Nf3 Bg7 5. Bb5+ Bd7 6. Bc4 Nc6 7. a3 e6 8. 0-0 Nge7 9. d3 0-0 10. Kh1 Nd4 11. Nxd4 cxd4 12. Ne2 Bc6 13. Bb3 Qd7 14. Qe1 Ba4 15. Bxa4 Qxa4 16. b3 Qc6 17. Ra2 f5 18. Ng3 Rae8 19. Qb4 Kh8 20. Bb2 e5 21. c4 Qd7 22. Bc1 Nc6 23. Qb5 exf4 24. Bxf4 fxe4 25. dxe4 Be5 26. Raf2 Bxf4 27. Rxf4 Rxf4 28. Rxf4 Re5 29. c5 dxc5 30. Qf1 Kg7 31. Ne2 Qe7 32. Qf3 Re6 33. h3 Ne5 34. Qg3 Nf7 35. Qd3 Ne5 36. Qg3 Rd6 37. Rf1 Kg8 38. Nf4 Rf6 39. Rg1 Rf7 40. Rc1 Nd7 41. Nd3 Qxe4 42. Nxc5 Nxc5 43. Rxc5 Qe6 44. Re5 Qc6 45. Re1 Qd5 46. Re5 Qd7 47. Qd3 Rf6 48. Qc4+ Qf7 49. Qxd4 Rf1+ 50. Kh2 Qc7 51. Qc4+ Qxc4 52. bxc4 Kg7 53. Rd5 Rf7 54. Kg3 Kf8 55. Rc5 Kg7 56. Kg4 Kf6 57. h4 Rd7 58. h5 Rd4+ 59. Kf3 Rd3+ 60. Ke4 Rxa3 61. Rc7 b6 1/2-1/2

[Event "Nuremberg LGA Cup 9th"]
[Site "Nuremberg"]
[Date "2012.09.07"]
[Round "2"]
[White "Heimann, Andreas"]
[Black "Holzhaeuer, Mathias"]
[Result "1-0"]
[WhiteElo "2490"]
[BlackElo "2274"]
[PlyCount "67"]
[EventDate "2012.09.06"]
[EventType "swiss"]
[EventRounds "7"]
[EventCountry "GER"]
[SourceTitle "CBM 150 Extra"]
[Source "ChessBase"]
[SourceDate "2012.10.19"]
[SourceVersion "1"]
[SourceVersionDate "2012.10.19"]
[SourceQuality "1"]

1. Nf3 Nf6 2. g3 Nc6 3. d4 d5 4. Bg2 Bf5 5. 0-0 e6 6. c4 dxc4 7. Nbd2 Be7 8. Nxc4 0-0 9. b3 Ne4 10. Bb2 Bf6 11. Ne3 Bg6 12. Ng4 Be7 13. Nfe5 Nxe5 14. Nxe5 Nd6 15. Nxg6 hxg6 16. e4 c6 17. Qc2 Nb5 18. Rad1 Qb6 19. a4 Nc7 20. h4 Rfd8 21. Qc3 Bf6 22. e5 Be7 23. Be4 Qb4 24. Qf3 c5 25. h5 gxh5 26. Qxh5 f5 27. exf6 Bxf6 28. Rd3 Ne8 29. Rf3 cxd4 30. Ra1 Rd6 31. Ba3 Qb6 32. Bg6 Kf8 33. Re1 Ke7 34. Bxe8 1-0

[Event "Nuremberg LGA Cup 9th"]
[Site "Nuremberg"]
[Date "2012.09.07"]
[Round "3"]
[White "Holzhaeuer, Mathias"]
[Black "Steinmueller, Alexander"]
[Result "1-0"]
[WhiteElo "2274"]
[BlackElo "2068"]
[PlyCount "45"]
[EventDate "2012.09.06"]
[EventType "swiss"]
[EventRounds "7"]
[EventCountry "GER"]
[SourceTitle "CBM 150 Extra"]
[Source "ChessBase"]
[SourceDate "2012.10.19"]
[SourceVersion "1"]
[SourceVersionDate "2012.10.19"]
[SourceQuality "1"]

1. e4 e6 2. Nf3 d5 3. e5 c5 4. b4 b6 5. c3 a5 6. b5 Nd7 7. d4 f6 8. Bd3 fxe5 9. dxe5 Be7 10. 0-0 Bb7 11. a4 Qc7 12. Re1 0-0-0 13. Ng5 Bxg5 14. Bxg5 Re8 15. Bf4 Nh6 16. h3 Nf7 17. Bg3 Reg8 18. c4 Nd8 19. cxd5 Bxd5 20. Nc3 Qb7 21. Nxd5 Qxd5 22. Qc2 Qd4 23. Bc4 1-0

[Event "Nuremberg LGA Cup 9th"]
[Site "Nuremberg"]
[Date "2012.09.07"]
[Round "4"]
[White "Winterholler, Christina"]
[Black "Holzhaeuer, Mathias"]
[Result "1/2-1/2"]
[WhiteElo "1856"]
[BlackElo "2274"]
[PlyCount "103"]
[EventDate "2012.09.06"]
[EventType "swiss"]
[EventRounds "7"]
[EventCountry "GER"]
[SourceTitle "CBM 150 Extra"]
[Source "ChessBase"]
[SourceDate "2012.10.19"]
[SourceVersion "1"]
[SourceVersionDate "2012.10.19"]
[SourceQuality "1"]

1. e4 d5 2. exd5 Nf6 3. d4 Bg4 4. Be2 Bxe2 5. Nxe2 Qxd5 6. 0-0 Nc6 7. b3 0-0-0 8. c4 Qh5 9. Bb2 e6 10. Na3 Bd6 11. h3 g5 12. Nb5 Be7 13. Ng3 Qg6 14. Qf3 a6 15. d5 Nb4 16. dxe6 Rd3 17. Qf5 axb5 18. exf7+ Kb8 19. Rae1 Bd8 20. Qxg6 hxg6 21. Bxf6 Bxf6 22. Re8+ Rd8 23. Rxh8 Bxh8 24. Re1 Kc8 25. Re8 Bg7 26. Ne4 bxc4 27. bxc4 Bf8 28. Nf6 Nxa2 29. Nh7 Bb4 30. f8Q Bxf8 31. Rxf8 Nc3 32. Rxd8+ Kxd8 33. Nxg5 Ke7 34. f4 Ne2+ 35. Kf2 Nxf4 36. Kf3 Nd3 37. Ke4 Ne1 38. g3 Kd6 39. Nf7+ Kc5 40. Ne5 g5 41. h4 gxh4 42. gxh4 Kd6 43. Kf5 Nc2 44. h5 Nd4+ 45. Kf6 Ne6 46. Nf7+ Kd7 47. h6 Nf8 48. Kg7 Ke7 49. Ne5 Ne6+ 50. Kg8 Nf8 51. Kg7 Ne6+ 52. Kg8 1/2-1/2

[Event "Oberliga Wuerttemberg 1112"]
[Site "Wuerttemberg"]
[Date "2012.02.26"]
[Round "7.4"]
[White "Holzhaeuer, Mathias"]
[Black "Zuferi, Enis"]
[Result "1-0"]
[WhiteElo "2285"]
[BlackElo "2015"]
[PlyCount "49"]
[EventDate "2011.10.09"]
[EventType "team-tourn"]
[EventRounds "9"]
[EventCountry "GER"]
[SourceTitle "EXT 2019"]
[Source "ChessBase"]
[SourceDate "2018.10.10"]
[SourceVersion "1"]
[SourceVersionDate "2018.10.10"]
[SourceQuality "1"]
[WhiteTeam "Schmiden Cannstatt"]
[BlackTeam "Willsbach"]
[WhiteTeamCountry "GER"]
[BlackTeamCountry "GER"]

1. e4 c5 2. Nc3 Nc6 3. Bb5 Nd4 4. Bc4 e6 5. Nge2 a6 6. d3 g6 7. Nxd4 cxd4 8. Ne2 Bg7 9. 0-0 Ne7 10. Bf4 d5 11. Bb3 dxe4 12. dxe4 0-0 13. Qd2 Nc6 14. Bh6 e5 15. Bxg7 Kxg7 16. f4 f5 17. fxe5 fxe4 18. Rxf8 Qxf8 19. Nxd4 Qc5 20. c3 Nxe5 21. Rf1 Qe7 22. Qf4 Nd3 23. Qe3 Ne5 24. Qxe4 Bg4 25. Rf7+ 1-0

[Event "Oberliga Wuerttemberg 1112"]
[Site "Wuerttemberg"]
[Date "2012.01.15"]
[Round "5.4"]
[White "Namyslo, Holger"]
[Black "Holzhaeuer, Mathias"]
[Result "1/2-1/2"]
[WhiteElo "2228"]
[BlackElo "2285"]
[PlyCount "47"]
[EventDate "2011.10.09"]
[EventType "team-tourn"]
[EventRounds "9"]
[EventCountry "GER"]
[SourceTitle "EXT 2019"]
[Source "ChessBase"]
[SourceDate "2018.10.10"]
[SourceVersion "1"]
[SourceVersionDate "2018.10.10"]
[SourceQuality "1"]
[WhiteTeam "Biberach"]
[BlackTeam "Schmiden Cannstatt"]
[WhiteTeamCountry "GER"]
[BlackTeamCountry "GER"]

1. e4 d5 2. exd5 Nf6 3. d4 Bg4 4. Nf3 Qxd5 5. Nc3 Qf5 6. Bd3 Bxf3 7. gxf3 Qe6+ 8. Be3 Nc6 9. Qe2 Nb4 10. Bc4 Qf5 11. 0-0-0 c6 12. d5 a6 13. dxc6 Nxc6 14. Nd5 Rc8 15. Bb6 Nxd5 16. Rxd5 Qf6 17. Rhd1 g6 18. Rd6 Qf4+ 19. Be3 Qf5 20. R6d5 Qh3 21. Bd4 Bh6+ 22. Kb1 0-0 23. Bc3 b5 24. Bb3 1/2-1/2

[Event "Forchheim op 10th"]
[Site "Forchheim"]
[Date "2011.10.09"]
[Round "4"]
[White "Luch, Michal"]
[Black "Holzhaeuer, Mathias"]
[Result "1-0"]
[WhiteElo "2433"]
[BlackElo "2285"]
[PlyCount "35"]
[EventDate "2011.10.07"]
[EventType "swiss"]
[EventRounds "5"]
[EventCountry "GER"]
[SourceTitle "CBM 144 Extra"]
[Source "ChessBase"]
[SourceDate "2011.10.28"]
[SourceVersion "1"]
[SourceVersionDate "2011.10.28"]
[SourceQuality "1"]

1. e4 d5 2. exd5 Nf6 3. d4 Bg4 4. f3 Bf5 5. Bb5+ c6 6. dxc6 Qa5+ 7. Nc3 Nxc6 8. Qe2 0-0-0 9. Bxc6 bxc6 10. Qc4 Qb6 11. Nge2 e5 12. Be3 Bxc2 13. Rc1 Bf5 14. Kf2 exd4 15. Bxd4 c5 16. Na4 Qc6 17. Nxc5 Nd5 18. Ne6 1-0

[Event "Stuttgart op"]
[Site "Gerlingen"]
[Date "2011.06.05"]
[Round "7"]
[White "Braeunlin, Klaus"]
[Black "Holzhaeuer, Mathias"]
[Result "1-0"]
[WhiteElo "2147"]
[BlackElo "2297"]
[PlyCount "111"]
[EventDate "2011.06.02"]
[EventType "swiss"]
[EventRounds "7"]
[EventCountry "GER"]
[SourceTitle "CBM 142 Extra"]
[Source "ChessBase"]
[SourceDate "2011.06.27"]
[SourceVersion "1"]
[SourceVersionDate "2011.06.27"]
[SourceQuality "1"]

1. e4 d5 2. exd5 Nf6 3. d4 Bg4 4. Be2 Bxe2 5. Qxe2 Qxd5 6. Nf3 e6 7. 0-0 Bd6 8. c4 Qh5 9. Nc3 Nc6 10. Be3 g5 11. c5 g4 12. cxd6 gxf3 13. Qxf3 Qxf3 14. gxf3 Rg8+ 15. Kh1 cxd6 16. Rg1 Rg6 17. Ne4 Nxe4 18. fxe4 d5 19. Rxg6 hxg6 20. exd5 exd5 21. Kg2 Kd7 22. b4 a6 23. a3 Re8 24. Rb1 b5 25. Rc1 Re4 26. Rc3 Rg4+ 27. Kf1 Rh4 28. Kg2 Rg4+ 29. Kf1 f5 30. f3 Rh4 31. Kg2 f4 32. Bf2 Rh8 33. h4 Re8 34. Rc2 Ne7 35. Kh3 Nf5 36. Kg4 Re3 37. Kxf4 Rxa3 38. h5 Ne7 39. h6 g5+ 40. Kg4 Ng8 41. Kxg5 Nxh6 42. Kxh6 Rxf3 43. Kg5 Rb3 44. Ra2 Rxb4 45. Rxa6 Rb2 46. Bg3 b4 47. Rd6+ Ke7 48. Rxd5 b3 49. Re5+ Kd7 50. Rd5+ Ke7 51. Kf5 Rb1 52. Bh4+ Kf7 53. Rd7+ Kf8 54. Kg6 Rg1+ 55. Bg5 Re1 56. Rd8+ 1-0

[Event "Stuttgart op"]
[Site "Gerlingen"]
[Date "2011.06.04"]
[Round "6"]
[White "Holzhaeuer, Mathias"]
[Black "Neyman, Igor"]
[Result "1/2-1/2"]
[WhiteElo "2297"]
[BlackElo "2262"]
[PlyCount "90"]
[EventDate "2011.06.02"]
[EventType "swiss"]
[EventRounds "7"]
[EventCountry "GER"]
[SourceTitle "CBM 142 Extra"]
[Source "ChessBase"]
[SourceDate "2011.06.27"]
[SourceVersion "1"]
[SourceVersionDate "2011.06.27"]
[SourceQuality "1"]

1. e4 c5 2. Nc3 Nc6 3. Bb5 Nd4 4. Bc4 e6 5. Nge2 Ne7 6. Nxd4 cxd4 7. Ne2 Nc6 8. d3 b5 9. Bb3 Qb6 10. c3 Bc5 11. 0-0 0-0 12. Ng3 Ne7 13. Qe2 Bb7 14. Kh1 f5 15. Bg5 fxe4 16. dxe4 dxc3 17. bxc3 Ng6 18. f3 h6 19. Bd2 Kh8 20. e5 Rf7 21. Bc2 Nf8 22. Rab1 a6 23. a4 Bc6 24. Bd3 Qc7 25. axb5 axb5 26. Ra1 Rb8 27. Rfb1 d6 28. Bxb5 Bxb5 29. Rxb5 Rxb5 30. Qxb5 dxe5 31. Ne4 Nd7 32. Ra8+ Rf8 33. Rxf8+ Bxf8 34. Be3 Kg8 35. h4 Kf7 36. h5 Be7 37. c4 Nf6 38. Nxf6 Bxf6 39. c5 e4 40. f4 Qd8 41. c6 Qd1+ 42. Kh2 Qe1 43. c7 Qh4+ 44. Kg1 Qe1+ 45. Kh2 Qh4+ 1/2-1/2